MARC details
| 000 -CABECERA |
| campo de control de longitud fija |
01663nam a2200301 4500 |
| 003 - IDENTIFICADOR DEL NÚMERO DE CONTROL |
| campo de control |
EC-UNACH |
| 005 - FECHA Y HORA DE LA ÚLTIMA TRANSACCIÓN |
| campo de control |
20251105144616.0 |
| 006 - CÓDIGOS DE INFORMACIÓN DE LONGITUD FIJA--CARACTERÍSTICAS DEL MATERIAL ADICIONAL |
| campo de control de longitud fija |
s||||gr|||| 00| 00 |
| 008 - DATOS DE LONGITUD FIJA--INFORMACIÓN GENERAL |
| campo de control de longitud fija |
150116t9999 mx r gr 000 0 spa d |
| 020 ## - NÚMERO INTERNACIONAL ESTÁNDAR DEL LIBRO |
| Número Internacional Estándar del Libro |
978-958-04-0466-8 |
| 040 ## - FUENTE DE LA CATALOGACIÓN |
| Centro catalogador/agencia de origen |
EC-UNACH |
| Centro/agencia transcriptor |
EC-UNACH |
| 041 ## - CÓDIGO DE LENGUA |
| Código de lengua del texto/banda sonora o título independiente |
spa |
| 082 04 - NÚMERO DE LA CLASIFICACIÓN DECIMAL DEWEY |
| Número de edición |
23 |
| Número de clasificación |
657.42 |
| Número de documento/Ítem |
L017953 |
| 110 ## - ENTRADA PRINCIPAL--NOMBRE DE ENTIDAD CORPORATIVA |
| Nombre de entidad corporativa o nombre de jurisdicción como elemento de entrada |
Editorial Norma |
| 245 ## - MENCIÓN DE TÍTULO |
| Título |
Contabilidad de Costos |
| 250 ## - MENCIÓN DE EDICIÓN |
| Mención de edición |
Primera edición |
| 264 ## - Producción, publicación, distribución, fabricación y copyright |
| Lugar de producción, publicación, distribución, fabricación |
Colombia |
| Nombre del de productor, editor, distribuidor, fabricante |
Editorial Norma |
| Fecha de de producción, publicación, distribución, fabricación o copyright |
2007 |
| 300 ## - DESCRIPCIÓN FÍSICA |
| Extensión |
313 |
| 505 ## - NOTA DE CONTENIDO CON FORMATO |
| Nota de contenido con formato |
Introducción a la contabilidad de costos II: Costos por órdenes de producción: Introducción III: Costos por órdenes de producción: Materiales IV: Costos por órdenes de producción: Mano de obra V: Costos por órdenes de producción: Costos generales de fabricación VI: Costos por órdenes de producción: Terminación del ciclo contable, ilustración genera VII: Costos por órdenes de producción: Presupuesto de costos generales VIII: Costos por órdenes de producción: Departamentalización IX: Costos por órdenes de producción: Temas varios: Costos por procesos XI: Costos por procesos: Continuación XII: Costos por procesos: Subproductos y coproductos XIII: Costos estándar: Introducción XIV: Costos estándar: Contabilización XV: Costeo directo o variables : Relaciones de costo-volumen-utilidad |
| 650 ## - PUNTO DE ACCESO ADICIONAL DE MATERIA--TÉRMINO DE MATERIA |
| 9 (RLIN) |
CONTABILIDAD DE COSTOS |
| 650 ## - PUNTO DE ACCESO ADICIONAL DE MATERIA--TÉRMINO DE MATERIA |
| Término de materia o nombre geográfico como elemento inicial |
COSTOS POR ORDEN DE PRODUCCIÓN |
| 650 ## - PUNTO DE ACCESO ADICIONAL DE MATERIA--TÉRMINO DE MATERIA |
| Término de materia o nombre geográfico como elemento inicial |
COSTEO DIRECTO O VARIABLE |
| 700 ## - PUNTO DE ACCESO ADICIONAL--NOMBRE DE PERSONA |
| Nombre de persona |
Bernard J. Hargadon Jr / Armando Múnera Cárdenas |
| 942 ## - ELEMENTOS DE PUNTO DE ACCESO ADICIONAL (KOHA) |
| Fuente del sistema de clasificación o colocación |
Clasificación Decimal Dewey |
| Tipo de ítem Koha |
Libros |
| 999 ## - NÚMEROS DE CONTROL DE SISTEMA (KOHA) |
| Koha biblionumber |
14141 |